000
00302nam a2200121Ia 4500
008
220204s9999 xx 000 0 und d
082
_a
681.3
_b
DAN
100
_a
Daniel, Curhbert
245
0
_a
Fitting equations to data
260
_a
New York
_b
John wiley
_c
1971
700
_a
Wood, Fred S
942
_c
BK
999
_c
22683
_d
22683